000 00533nam a22001937a 4500
003 BD-DhJNU
005 20250812042917.0
008 250520b |||||||| |||| 00| 0 eng d
020 _a9780143027980
040 _aBD-DhJNU
_bENG
_cBD-DhJNU
_dBD-DhJNU
082 _223
_a950.072 SAO
100 _aSaid, Edward W.
245 _aOrientalism /
_cEdward W. Said
260 _aNew York :
_bPenguin Books,
_c2001.
300 _a396p. :
_bill. ;
_c21 cm.
504 _aIncludes index
650 _aOrientalism in art
942 _2ddc
_cBK
_n0
999 _c1728
_d1728